Nuevas estrategias en orientación vocacional-ocupacional

Saved in:
Bibliographic Details
Main Author: Gavilán G., Mirta Graciela (Author)
Format: Book
Language:Spanish
Published: La Plata Universidad Nacional de La Plata 2000
Edition:3a. ed
Subjects:
Tags: Add Tag
No Tags, Be the first to tag this record!

MARC

LEADER 00000nam a2200000 a 4500
001 UCK1735
003 CL-VaPUC
008 041126e20000000AG |||||||||||||||||spa|d
020 |a 9503400651 
082 0 4 |a 158.6  |b GAV  |2 21 
100 |a Gavilán G., Mirta Graciela  |e author  |9 489581 
245 1 0 |a Nuevas estrategias en orientación vocacional-ocupacional  
250 |a 3a. ed 
300 |a 143 p 
942 |c BK 
945 |d 20041126 00:00:00  |a vberengu 
260 |a La Plata  |b Universidad Nacional de La Plata  |c 2000 
500 |a Una de las direcciones principales del contenido de este libro se refiere a los múltiples interrogantes que la orientación se plantea ante la necesidad de definir un nuevo rol que responda a las complejas demandas de nuestra época y país. Se presentan también algunas hipótesis que pretenden incursionar en la teoría de la orientación y ofrecer algunas pautas dirigidas a la construcción de un modelo apto pata la investigación empírica en este campo 
650 0 |a Orientación vocacional  |9 255692 
583 |a last modification  |c 20041126 00:00:00  |k Rodrigo Vera 
999 |c 311549  |d 311547 
952 |0 0  |1 0  |4 0  |6 158_600000000000000_GAV_2000  |7 0  |8 A  |9 381000  |a BIBEDU  |b BIBEDU  |d 2019-11-21  |i 408179K  |o 158.6 GAV 2000  |p 408179K  |r 2019-11-21  |w 2019-11-21  |y BK  |k EBA